MDQL
is popping MORE tags! Check the
thread
!
Quizzes
Events
Quiz Creation
Community
Videos
Private Events
Remove Ads
Sign In
Join for FREE
Feedback
Dark Mode
Quiz Categories
Sports
Geography
Music
Movies
Television
Just For Fun
Miscellaneous
History
Literature
Language
Science
Gaming
Entertainment
Religion
Holiday
For Kids
Quiz Lab
Recent
Popular Today
Quiz Kudos Today
Editor Picks
Curator Picks
Quizzes by...
Day
Popularity
Type
Ratings
Length
Year
Community
Subscriptions
Recent Discussions
Orange Saloon
Badges
Playlists
Quests
Create
Leaderboards
Showdown
Live 5
Trivia Bingo
Activity
Puzzle Library
Sporcle Events
Private Events
Virtual Trivia
Globe League
Become a Host
Pub Owners
SporcleCon
Opinionation
Our Games
Videos
Blog
Mobile Apps
Partnerships
Remove Ads and Go Orange
Feedback
Sports
Athletes
MLB
NBA
NHL
NFL
Soccer
Sports Teams
WWE
NCAA
Football
Premier League
Basketball
Baseball
Hockey
Golf
Tennis
Cricket
Rugby
Auto Racing
Olympics
World Cup
Sports
Athletes
MLB
NBA
NHL
NFL
Soccer
Sports Teams
WWE
NCAA
Football
Premier League
Basketball
Baseball
Hockey
Golf
Tennis
Cricket
Rugby
Auto Racing
Olympics
World Cup
Random Quiz
Search Sporcle
×
Quiz Lab
Quiz Lab
Sports
WWE
Type in answers that appear in a list
Type in answers that appear in a list
Classic
Best Score? Go Orange.
WWE Pay-Per-View Matches in 2003 (Part 1) Stats
Can you name the WWE Pay-Per-View Matches in 2003?
By
CenaRKO09
20m
200 Questions
724 Plays
724 Plays
724 Plays
Comments
Comments
Give Quiz Kudos
Give Quiz Kudos
-
- Ratings
hide this ad
Replay
Link that replays current quiz
Next Quiz
Link to next quiz in quiz playlist
You Got
0%
They Got
Avg Score
81%
Avg Friend Score
Upgrade to see
Score Distribution
Jump to the score distribution portion of the page
Score
0/200
Timer
20:00
0
Plays Today
Pay-Per-View
Wrestler
% Correct
Royal Rumble
Triple H
98.3%
No Way Out
Triple H
98.3%
Wrestlemania XIX
Triple H
98.3%
Backlash
Triple H
98.3%
Judgment Day
Triple H
98.3%
Bad Blood
Triple H
98.3%
SummerSlam
Triple H
98.3%
Royal Rumble
The Big Show
97%
No Way Out
The Big Show
97%
Wrestlemania XIX
The Big Show
97%
Backlash
The Big Show
97%
Judgment Day
The Big Show
97%
Vengeance
The Big Show
97%
No Way Out
The Undertaker
96.7%
Wrestlemania XIX
The Undertaker
96.7%
Vengeance
The Undertaker
96.7%
SummerSlam
The Undertaker
96.7%
Royal Rumble
Kurt Angle
96.4%
No Way Out
Kane
96.4%
No Way Out
Kurt Angle
96.4%
Wrestlemania XIX
Kurt Angle
96.4%
Backlash
Kane
96.4%
Judgment Day
Kane
96.4%
Bad Blood
Kane
96.4%
Vengeance
Kurt Angle
96.4%
SummerSlam
Kurt Angle
96.4%
SummerSlam
Kane
96.4%
Royal Rumble
Brock Lesnar
96.3%
Royal Rumble
Chris Benoit
96.3%
Royal Rumble
Brock Lesnar
96.3%
No Way Out
Brock Lesnar
96.3%
No Way Out
Chris Benoit
96.3%
Wrestlemania XIX
Chris Benoit
96.3%
Wrestlemania XIX
Brock Lesnar
96.3%
Backlash
Brock Lesnar
96.3%
Judgment Day
Chris Benoit
96.3%
Judgment Day
Brock Lesnar
96.3%
Vengeance
Chris Benoit
96.3%
Vengeance
Brock Lesnar
96.3%
SummerSlam
Chris Benoit
96.3%
SummerSlam
Brock Lesnar
96.3%
No Way Out
Chris Jericho
95.6%
Wrestlemania XIX
Chris Jericho
95.6%
Backlash
Chris Jericho
95.6%
Judgment Day
Chris Jericho
95.6%
Bad Blood
Chris Jericho
95.6%
SummerSlam
Chris Jericho
95.6%
Wrestlemania XIX
Shawn Michaels
94.8%
Backlash
Shawn Michaels
94.8%
Bad Blood
Shawn Michaels
94.8%
SummerSlam
Shawn Michaels
94.8%
Wrestlemania XIX
Eddie Guerrero
94.6%
Backlash
Eddie Guerrero
94.6%
Judgment Day
Eddie Guerrero
94.6%
Vengeance
Eddie Guerrero
94.6%
SummerSlam
Eddie Guerrero
94.6%
No Way Out
The Rock
94.5%
Wrestlemania XIX
The Rock
94.5%
Backlash
The Rock
94.5%
Royal Rumble
Bubba Ray Dudley
93.9%
No Way Out
Matt Hardy
93.9%
Wrestlemania XIX
Matt Hardy
93.9%
Backlash
Bubba Ray Dudley
93.9%
Bad Blood
Bubba Ray Dudley
93.9%
Vengeance
Matt Hardy
93.9%
SummerSlam
Bubba Ray Dudley
93.9%
Royal Rumble
D-Von Dudley
93.8%
Pay-Per-View
Wrestler
% Correct
Backlash
D-Von Dudley
93.8%
Bad Blood
D-Von Dudley
93.8%
SummerSlam
D-Von Dudley
93.8%
Wrestlemania XIX
Chavo Guerrero
93.6%
Backlash
Chavo Guerrero
93.6%
Backlash
John Cena
93.6%
Judgment Day
John Cena
93.6%
Vengeance
John Cena
93.6%
No Way Out
Jeff Hardy
93.4%
Judgment Day
Christian
91.9%
Bad Blood
Christian
91.9%
SummerSlam
Randy Orton
91.7%
Wrestlemania XIX
Booker T
91.4%
Backlash
Booker T
91.4%
Judgment Day
Booker T
91.4%
Bad Blood
Booker T
91.4%
Wrestlemania XIX
Trish Stratus
90.9%
Backlash
Trish Stratus
90.9%
Judgment Day
Trish Stratus
90.9%
No Way Out
Steve Austin
90.6%
Wrestlemania XIX
Rey Mysterio
90.6%
Wrestlemania XIX
Steve Austin
90.6%
Backlash
Rey Mysterio
90.6%
Vengeance
Rey Mysterio
90.6%
Backlash
Kevin Nash
89.9%
Judgment Day
Kevin Nash
89.9%
Bad Blood
Kevin Nash
89.9%
SummerSlam
Kevin Nash
89.9%
No Way Out
Hulk Hogan
88.8%
Wrestlemania XIX
Hulk Hogan
88.8%
Wrestlemania XIX
Vince McMahon
88.8%
Vengeance
Vince McMahon
88.8%
Backlash
Goldberg
88.5%
Bad Blood
Goldberg
88.5%
SummerSlam
Goldberg
88.5%
Backlash
Ric Flair
88.4%
Bad Blood
Ric Flair
88.4%
SummerSlam
Shane McMahon
87.8%
Vengeance
Stephanie McMahon
87.4%
Royal Rumble
Scott Steiner
87%
No Way Out
Scott Steiner
87%
Judgment Day
Scott Steiner
87%
Bad Blood
Scott Steiner
87%
Judgment Day
Test
86.9%
Judgment Day
Test
86.9%
Bad Blood
Test
86.9%
No Way Out
Rob Van Dam
86.5%
Backlash
Rob Van Dam
86.5%
Judgment Day
Rob Van Dam
86.5%
Bad Blood
Rob Van Dam
86.5%
Vengeance
Bradshaw
86.5%
SummerSlam
Rob Van Dam
86.5%
No Way Out
Shelton Benjamin
86%
Wrestlemania XIX
Shelton Benjamin
86%
Backlash
Shelton Benjamin
86%
Judgment Day
Shelton Benjamin
86%
Vengeance
Shelton Benjamin
86%
No Way Out
Charlie Haas
84.3%
Wrestlemania XIX
Charlie Haas
84.3%
Backlash
Charlie Haas
84.3%
Judgment Day
Charlie Haas
84.3%
Vengeance
Charlie Haas
84.3%
Royal Rumble
William Regal
83.7%
No Way Out
William Regal
83.7%
Royal Rumble
Torrie Wilson
83.1%
Wrestlemania XIX
Torrie Wilson
83.1%
Judgment Day
Torrie Wilson
83.1%
Pay-Per-View
Wrestler
% Correct
Vengeance
Faarooq
81.8%
Wrestlemania XIX
Victoria
81.4%
Judgment Day
Victoria
81.4%
Royal Rumble
Lance Storm
81.2%
No Way Out
Lance Storm
81.2%
Judgment Day
Lance Storm
81.2%
Wrestlemania XIX
Jazz
80.8%
Backlash
Jazz
80.8%
Judgment Day
Jazz
80.8%
Judgment Day
Tajiri
79.6%
SummerSlam
Tajiri
79.6%
Wrestlemania XIX
Rhyno
77.3%
Judgment Day
Rhyno
77.3%
SummerSlam
Rhyno
77.3%
No Way Out
Billy Kidman
75.8%
Vengeance
Billy Kidman
75.8%
Wrestlemania XIX
Stacy Keibler
72.1%
Wrestlemania XIX
A-Train
71.8%
SummerSlam
A-Train
71.8%
Royal Rumble
Dawn Marie
71.1%
Judgment Day
Rene Dupree
71%
Bad Blood
Rene Dupree
71%
SummerSlam
Rene Dupree
71%
No Way Out
Eric Bischoff
70.4%
SummerSlam
Eric Bischoff
70.4%
Judgment Day
Sable
70%
Vengeance
Sable
70%
Judgment Day
Val Venis
69.5%
Judgment Day
Goldust
68.4%
Backlash
Rikishi
68.1%
Judgment Day
Sylvain Grenier
67.5%
Bad Blood
Sylvain Grenier
67.5%
SummerSlam
Sylvain Grenier
67.5%
Judgment Day
Chuck Palumbo
65.6%
Vengeance
Chuck Palumbo
65.6%
Vengeance
Billy Gunn
64.4%
Vengeance
Jamie Noble
62.8%
Vengeance
Zach Gowen
57.7%
Backlash
Sean O'Haire
54.1%
Vengeance
Sean O'Haire
54.1%
Judgment Day
Johnny Stamboli
52.9%
Vengeance
Johnny Stamboli
52.9%
Judgment Day
Jacqueline
52.3%
Judgment Day
Spanky
51.4%
Vengeance
Nunzio
51.4%
Vengeance
Spanky
51.4%
Judgment Day
Roddy Piper
51%
Vengeance
Rob Conway
49.4%
Vengeance
Shannon Moore
46.4%
Vengeance
Funaki
46.1%
Vengeance
Danny Basham
43.6%
Vengeance
Doug Basham
43.6%
Bad Blood
Rodney Mack
43.2%
Bad Blood
Christopher Nowinski
40.9%
Vengeance
Brother Love
38.5%
Vengeance
The Easter Bunny
38.3%
Judgment Day
Mr. America
37.8%
Vengeance
Doink the Clown
34.5%
Vengeance
Orlando Jordan
31.2%
Vengeance
The Brooklyn Brawler
25.8%
Vengeance
Chris Kanyon
24.9%
Wrestlemania XIX
Kitana Baker
24.2%
Vengeance
John Hennigan
23.2%
Wrestlemania XIX
Tanya Ballinger
21.4%
Vengeance
Matt Cappotelli
19.6%
Vengeance
Johnny Jeter
14.4%
Quiz Playlist
Details
Report
Send in Message
Add To Playlist
Classic:
Type in answers that appear in a list
Last Updated: Jan 23, 2019
Quiz Scoreboard
CHALLENGE
Sign Up to Join the Scoreboard
Show All
Scores
Hide
Comments
May contain spoilers
Recently Published
Holiday 10x10 Sorting Gallery
by lukepisani3
Holiday
15m
Two Season TV Shows II
by 123Four
Television
10m
Image Sorting: Flags VI
by Barbecue
Geography
2m
More to Explore
Quiz From the Vault
Featured Blog Post
14 Easter Pick-up Lines to Find Eggs With
hide this ad
You Might Also Like...
Tags
WWE Quiz
2003
Matching
Pay-per-view
Wrestlers
Today's Top Quizzes in Sports
Browse Sports
hide this ad
Today's Top Quizzes in WWE
Browse WWE
Top Contributed Quizzes in Sports
1
Les meilleurs buteurs des matchs entre le PSG et l’OM
2
Les entraîneurs de l'OM et du PSG au 21e siècle
3
2022 World Cup Stars
4
Les joueurs passés par le PSG et l'OM
5
Players with Multiple 50 Home Run Seasons
6
FIFA Club World Cup Champions
7
Criteria MLB: Left Handed Sluggers
8
Les joueurs passés par le LOSC et le RC Lens
9
Top 10 NHL Goal Scorers of All Time
10
NBA Logic Puzzle 2.0
Explore More
Trending Topics
Anime
NBA
Disney
Kpop
Crossword
Marvel
Harry Potter
The Office
Country
Soccer
Pokémon
WWE
NFL
Song
Puzzle
hide this ad
More By:
CenaRKO09
Quiz
Plays
Rating
Category
Featured
Created
WWF Pay-Per-View Matches in 2001 (Part 1)
1,322
2.88
Sports
Dec 17, 2009
WWF Pay-Per-View Matches in 2000 (Part 1)
1,026
2.00
Sports
Dec 17, 2009
WWE Pay-Per-View Matches in 2002 (Part 2)
729
3.25
Sports
Dec 18, 2009
WWE Pay-Per-View Matches in 2003 (Part 1)
724
2.50
Sports
Dec 18, 2009
WWE Pay-Per-View Matches in 2009 (Part 1)
717
3.40
Sports
Feb 15, 2010
Go to Creator's Profile
Score Distribution
Quiz Creator Spotlight
CenaRKO09
Follow
Send a Message
Quizzes Created
-
Created Quiz Play Count
-
More By This Creator
Popular Quizzes Today
1
Find the US States - No Outlines Minefield
2
Colored Red Africa Blitz
3
Find the 'City' Movie
4
The Countries of the World
5
5x2 Blitz: Bands
6
Find the Countries of Europe - No Outlines Minefield
7
Find the US States
8
US States
More Sports Quizzes
Premier League Blitz: Everton
Quiz Lab
Trending Quizzes
Colored Red Europe Blitz I
Colored Red Africa Blitz II
Colored Red Europe Blitz II
Even More Two Season TV Shows
Colored Red Africa Blitz III
Recently Updated
Odd Team Out - Big 4 Players
pecheneg
Quick Pick: 20 Twenties
pecheneg
March Madness Men's Triple Doubles
pecheneg
How Do You Spell That?
pecheneg
Godzilla Movies
pecheneg
Grab Bag: 4-10 Letters
pecheneg
2024 March Madness Bracket
pecheneg
Famous TV Couples
Peacemaker
Champions League XIs: Real Madrid
pecheneg
Largest US Cities 1790-2010
pecheneg
Trending Topics
NBA
Anime
Crossword
Harry Potter
Kpop
Disney
Marvel
Song
The Office
Pokémon
NFL
WWE
Soccer
Country
Puzzle
Your Account Isn't Verified!
In order to create a playlist on Sporcle, you need to verify the email address you used during registration. Go to your
Sporcle Settings
to finish the process.
Report this User
Report this user for behavior that violates our
Community Guidelines
.
Details:
Send Report
Go to the Sporcle.com Mobile Site →
Comments